000 01447nam a2200325Ia 4500
001 ebr10001650
003 CaPaEBR
006 m u
007 cr cn|||||||||
008 011227s2001 mou sb 001 0 eng d
020 _z0826213715 (v. 10: alk. paper)
040 _aCaPaEBR
_cCaPaEBR
035 _a(OCoLC)613389120
050 1 4 _aE185.5.N276
_bH8 2001eb
100 1 _aHughes, Langston,
_d1902-1967.
240 1 0 _aFight for freedom
245 1 0 _aFight for freedom and other writings on civil rights
_h[electronic resource] /
_cedited with an introduction by Christopher C. De Santis.
260 _aColumbia ;
_aLondon :
_bUniversity of Missouri Press,
_cc2001-
300 _axvi, 272 p.
490 1 _aCollected works of Langston Hughes ;
_vv. 10
504 _aIncludes bibliographical references and indexes.
533 _aElectronic reproduction.
_bPalo Alto, Calif. :
_cebrary,
_d2013.
_nAvailable via World Wide Web.
_nAccess may be limited to ebrary affiliated libraries.
610 2 0 _aNational Association for the Advancement of Colored People.
650 0 _aAfrican Americans
_xCivil rights
_xHistory.
655 7 _aElectronic books.
_2local
700 1 _aDe Santis, Christopher C.,
_d1966-
710 2 _aebrary, Inc.
800 1 _aHughes, Langston,
_d1902-1967.
_tWorks.
_f2001 ;
_vv. 10.
856 4 0 _uhttp://site.ebrary.com/lib/rucke/Doc?id=10001650
_zAn electronic book accessible through the World Wide Web; click to view
999 _c4677
_d4677